| 000 | 00478nam a2200205Ia 4500 | ||
|---|---|---|---|
| 003 | OSt | ||
| 005 | 20230421092745.0 | ||
| 008 | 210423s2004 xx 000 0 und d | ||
| 020 | _a415287642 | ||
| 040 | _cAL | ||
| 041 | _aeng | ||
| 082 | _a808.1 WAIJ | ||
| 100 |
_aWAINWRIGHT (Jeffrey). _991269 |
||
| 245 | _aPoetry the basics. | ||
| 260 |
_aLondon _bRoutledge _c2004 |
||
| 300 |
_axiii,223 _bPB |
||
| 365 |
_b295 _cINR |
||
| 906 | _abasics. ; Poetry | ||
| 942 |
_2ddc _cBK |
||
| 999 |
_c160412 _d160412 |
||